000 00925nam a2200301 a 4500
001 000110990
003 CHAP
005 20220329144153.0
008 141110s1971 xxua |r| |||1|||spa d
010 _a107452
011 _a108424
040 _cCHAP
082 0 4 _a949.5
_bS55
100 1 _aSherrard, Philip
_9124379
245 1 0 _aBizancio /
_cpor Philip sherrard.
260 _aE.U.A. :
_bTIME-LIFE International,
_cc1971.
300 _a192 p. :
_bil.
490 1 _aLas grandes épocas de la humanidad
_pHistoria de las culturas mundiales
590 _aBATCH-UPD
_b05
_c20141110
_lUCH01
_h1155
590 _aE6096MTM
_b05
_c20141110
_lUCH01
_h1154
590 _aE6096MTM
_b05
_c20141110
_lUCH01
_h1245
650 1 4 _aHistoria
_955600
650 1 4 _aImperio Bizantino.
_957476
830 4 _aLas grandes épocas de la humanidad
_pHistoria de las culturas mundiales
_9128751
901 _aBK
942 _cLIBRO
942 _n0
999 _c107452
_d107452